El juego en la educación infantil y primaria
-д хадгалсан:
| Үндсэн зохиолч: | |
|---|---|
| Формат: | Ном |
| Хэл сонгох: | испани |
| Хэвлэсэн: |
Madrid, España
Ministerio de Educación y Cultura; Ediciones Morata
1999
|
| Хэвлэл: | 2a. ed |
| Цуврал: | Colección Pedagogía. Educación Infantil y Primaria
|
| Нөхцлүүд: | |
| Шошгууд: |
Шошго нэмэх
Шошго байхгүй, Энэхүү баримтыг шошголох эхний хүн болох!
|
MARC
| LEADER | 00000cam a2200000 a 4500 | ||
|---|---|---|---|
| 001 | UCC8302 | ||
| 003 | CL-VaPUC | ||
| 005 | 20220510134229.0 | ||
| 008 | 190617e19990000sp |||||||||||||||||spa|d | ||
| 999 | |c 374652 |d 374650 | ||
| 020 | |a 8471123509 | ||
| 040 | |c Pontificia Universidad Católica de Valparaíso | ||
| 082 | 0 | 4 | |a 371.397 MOY 1999 |2 21 |
| 100 | |a Moyles, Janet R. |e autora |9 602972 | ||
| 245 | 1 | 3 | |a El juego en la educación infantil y primaria |
| 250 | |a 2a. ed | ||
| 260 | |a Madrid, España |b Ministerio de Educación y Cultura; |b Ediciones Morata |c 1999 | ||
| 300 | |a 211 páginas | ||
| 440 | |a Colección Pedagogía. Educación Infantil y Primaria |n 16 |9 856948 | ||
| 583 | |a last modification |c 20190617 11:18:00 |k Rodrigo Vera | ||
| 650 | 0 | |a Juegos educativos |9 307366 | |
| 650 | 0 | |a Educación preescolar |9 260381 | |
| 650 | 0 | |a Juegos |9 243060 | |
| 852 | |a BIBEDU | ||
| 942 | |c BK |2 ddc | ||
| 945 | |d 20190617 11:18:00 |a dcastane | ||
| 952 | |0 0 |1 0 |3 erb |4 0 |6 371_397000000000000_MOY_1999_1999 |7 0 |8 A |9 493294 |a BIBEDU |b BIBEDU |d 2019-06-12 |e 11 |g 16700.00 |i 5552761 |l 1 |o 371.397 MOY 1999 1999 |p 5552761 |r 2022-03-28 |s 2022-03-15 |v 16700.00 |w 2019-11-24 |y BK |z Catalogado en:20190617 |k EBA | ||